| 000 | 01594nam a2200373 a 4500 | ||
|---|---|---|---|
| 001 | ebr10419994 | ||
| 003 | CaPaEBR | ||
| 006 | m u | ||
| 007 | cr cn||||||||| | ||
| 008 | 101112s2009 enk sb 001 0deng d | ||
| 020 | _z9781855757448 | ||
| 020 | _z9781849408318 (e-book) | ||
| 040 |
_aCaPaEBR _cCaPaEBR |
||
| 035 | _a(OCoLC)694143553 | ||
| 050 | 1 | 4 |
_aBF575.G7 _bO54 2009eb |
| 245 | 0 | 0 |
_aOn Freud's "mourning and melancholia" _h[electronic resource] / _cedited by Leticia Glocer Fiorini, Thierry Bokanowski, Sergio Lewkowicz ; foreword by Ethel Spector Person. |
| 260 |
_aLondon : _bKarnac, _c2009. |
||
| 300 | _axxii, 215 p. | ||
| 490 | 1 | _aContemporary Freud : turning points and critical issues | |
| 504 | _aIncludes bibliographical references (p. 193-204) and index. | ||
| 505 | 0 | _apt. 1. "Mourning and melancholia" (1917e [1915]) -- pt. 2. Discussion of "Mourning and Melancholia." | |
| 533 |
_aElectronic reproduction. _bPalo Alto, Calif. : _cebrary, _d2010. _nAvailable via World Wide Web. _nAccess may be limited to ebrary affiliated libraries. |
||
| 600 | 1 | 0 |
_aFreud, Sigmund, _d1856-1939. |
| 650 | 0 | _aLoss (Psychology) | |
| 650 | 0 |
_aBereavement _xPsychological aspects. |
|
| 655 | 7 |
_aElectronic books. _2local |
|
| 700 | 1 | _aFiorini, Leticia Glocer. | |
| 700 | 1 | _aBokanowski, Thierry. | |
| 700 | 1 | _aLewkowicz, Sergio. | |
| 700 | 1 | _aPerson, Ethel Spector. | |
| 710 | 2 | _aebrary, Inc. | |
| 830 | 0 | _aContemporary Freud. | |
| 856 | 4 | 0 |
_uhttp://site.ebrary.com/lib/rucke/Doc?id=10419994 _zAn electronic book accessible through the World Wide Web; click to view |
| 999 |
_c82620 _d82620 |
||